000 00284nam a22001337a 4500
008 171208b xxu||||| |||| 00| 0 eng d
020 _a773736020849
041 _aeng
080 _a621
100 _a27
101 _aMEK
245 _aLEARNING MAYA 6
_cDUVEKOT, M
942 _2udc
_cBK
999 _c38837
_d38837